Democracia limitada y poder militar /

Wedi'i Gadw mewn:
Manylion Llyfryddiaeth
Prif Awdur: Pérez, José Lorenzo
Fformat: Texto
Tagiau: Ychwanegu Tag
Dim Tagiau, Byddwch y cyntaf i dagio'r cofnod hwn!

MARC

LEADER 00000 a a2200000 04500
001 10952
003
040
100 |a Pérez, José Lorenzo  
245 |a Democracia limitada y poder militar /  |c José Lorenzo Pérez 
773 |g número 47; páginas 5-13  
999 |c 37282  |d 37282